| 000 | 01188cam a2200313 i 4500 | ||
|---|---|---|---|
| 003 | SA-RiAUC | ||
| 003 | SA_RiAUC | ||
| 005 | 20250419114330.0 | ||
| 008 | 250317s2012 su g b 000 0 ara c | ||
| 020 | _a9786038086582 | ||
| 040 |
_aSA-JeOIC _bara _cSA-RiAUC. _erda |
||
| 082 | 0 | 4 |
_a189.2 _qSA-RiAUC |
| 090 |
_a189.2 _bخ ي و |
||
| 100 | 1 |
_aالخيون، رشيد _eمؤلف. |
|
| 245 | 1 | 0 |
_aآراء إخوان الصفا وخلان الوفا : _bإعجاب وعجب / _cرشيد الخيون. |
| 250 | _aالطبعة الأولى. | ||
| 264 | 1 |
_aالرياض : _bالمجلة العربية، _c2012 |
|
| 300 |
_a228 صفحة ؛ _c21 سم. |
||
| 336 |
_aنص _btxt _2rdacontent _3كتاب |
||
| 337 |
_aبدون وسيط _bn _2rdamedia |
||
| 338 |
_aمجلد _bnc _2rdacarrier |
||
| 490 | 0 |
_aسلسلة كتاب المجلة العربية ؛ _v193 |
|
| 504 | _aيشتمل على إرجاعات ببليوجرافية. | ||
| 504 | _aببليوجرافية : صفحة 218-227. | ||
| 610 | 2 | 7 |
_aإخوان الصفا _2aucnm |
| 650 | 7 |
_aالفلسفة الإسلامية _2aucsh |
|
| 942 |
_2ddc _cBOOK _n0 |
||
| 949 |
_aSA-JeALM _d250317 _umohamedma123 _n1 |
||
| 999 |
_c7188 _d7188 |
||